Представление документа в формате RUSMARC

ПолеНазваниеЗначение
  Тип записи a
  Библиографический уровень a
001 Контрольный номер RU/CBS_UL/BASE/a4daf7a9b737459d8d164b4a22e97e6a
005 Дата корректировки 20260415133507.0
100 Данные общей обработки __
a Данные общей обработки 20260415 ||| 0rusy0189 ca
101 Язык документа 0_
a Язык текста rus
102 Страна публикации __
a Страна публикации RU
200 Заглавие и сведения об ответственности 1_
a Заглавие Плюс единица
e Сведения, относящиеся к заглавию [советские грузовики ГАЗ-51 и ГАЗ-52]
f Первые сведения об ответственности С. Канунников
300 Общие примечания __
a Общие примечания 16+
461 Уровень набора _0
1 2000
a За рулем
463 Уровень физической единицы _0
1 2000
a № 3
v С. 74-75 : фото
1 2101
d 2026
1 001RU/CBS_UL/BASE/0a9ad0c78bfa46c6a70124265e83ce14
606 Тематические рубрики 0_
a Основная рубрика ГАЗ-51, грузовые автомобили
606 Тематические рубрики 0_
a Основная рубрика ГАЗ-52, грузовые автомобили
610 Ключевые слова 0_
a Ключевые слова автомобили
610 Ключевые слова 0_
a Ключевые слова грузовые автомобили
610 Ключевые слова 0_
a Ключевые слова автомобили грузовые
610 Ключевые слова 0_
a Ключевые слова советские грузовые автомобили
610 Ключевые слова 0_
a Ключевые слова грузовики
610 Ключевые слова 0_
a Ключевые слова советские грузовики
610 Ключевые слова 0_
a Ключевые слова грузовики советские
610 Ключевые слова 0_
a Ключевые слова ретроавтомобили
610 Ключевые слова 0_
a Ключевые слова ГАЗ-51 (автомобили)
610 Ключевые слова 0_
a Ключевые слова ГАЗ-52 (автомобили)
686 Индексы других классификаций __
2 Код системы rubbk
a Классификационный индекс 39.335.4
700 Автор _1
a Фамилия Канунников
b Имя (инициалы) С.
801 Источник записи _0
a Страна RU
b Организация МБУК ЦБС г. Ульяновска
c Дата составления 20260415
g Правила каталогизации RCR
801 Источник записи _1
a Страна RU
b Организация МБУК ЦБС г. Ульяновска
c Дата составления 20260415
g Правила каталогизации RCR
901 Тип документа __
t Тип документа b
w Контрольный № источника RU/CBS_UL/BASE/0a9ad0c78bfa46c6a70124265e83ce14
909 Создатель записи __
a Создатель записи lib2